Solo Disney Songs by Character - Statistics

General Stats
  • This quiz has been taken 25 times
  • The average score is 12 of 20
Answer Stats
Hint Answer % Correct
Let it Go Elsa
91%
How Far I’ll Go Moana
87%
Under the Sea Sebastian
87%
Friend Like Me Genie
83%
Just Around the Riverbend Pocahontas
83%
Mother Knows Best Mother Gothel
74%
Reflection Mulan
74%
When Will My Life Begin Rapunzel
74%
A Dream Is a Wish Your Heart Makes Cinderella
70%
Lost in the Woods Kristoff
52%
I Won’t Say I’m in Love Megara
52%
Waiting on a Miracle Mirabel
52%
Out There Quasimodo
48%
Hellfire Claude Frollo
43%
Shiny (hint: from Moana) Tamatoa
43%
When I Am Older Olaf
39%
The Next Right Thing Anna
35%
Trust in Me Kaa
35%
God Help the Outcasts Esmeralda
30%
This Wish Asha
22%
No matching quizzes found
Score Distribution
Percent of People with Each Score
Percentile by Number Answered
Your Score History
You have not taken this quiz